000 00537nam a22001937a 4500
003 OSt
005 20160204192940.0
008 160204b xxu||||| |||| 00| 0 eng d
020 _a0080365108
040 _cDDC
082 _a370.72EDU 1988
100 _aKeeves.P.John.
_96708
245 _aEducational Research,Methodology,and Measurement.
_bAn international handbook.
260 _aNewyork.
_bPergamon Press.
_c1988
300 _axxi,832p;
_bill;
_c24cm
504 _aincludes index.
650 _aResearch.
_93727
942 _2ddc
_cSLOAN
999 _c2968
_d2968